Znalostní management jako předpoklad rozvoje inovací
Znalostný manažment a zvyšovanie konkurencieschopnosti podniku. Tri základné prúdy uplatňovania moderného znalostného manažmentu. Manažment znalostí a kultúra organizácie. Manažment znalostí v malých a stredných podnikoch. Bariéry rozvoja znalostného manažmentu. Inovácie a ich miesto v manažérskej č...
Salvato in:
| Autore principale: | |
|---|---|
| Altri autori: | |
| Natura: | Capitolo di libro |
| Lingua: | ceco |
| Soggetti: | |
| Tags: |
Nessun Tag, puoi essere il primo ad aggiungerne!!
|
MARC
| LEADER | 00000naa a2200000 4500 | ||
|---|---|---|---|
| 001 | 0179552 | ||
| 005 | 20231211093555.8 | ||
| 041 | 0 | |a cze | |
| 044 | |a CZ | ||
| 245 | 1 | 0 | |a Znalostní management jako předpoklad rozvoje inovací |c Milan Kašík, Naděžda Petrů |
| 520 | |a Znalostný manažment a zvyšovanie konkurencieschopnosti podniku. Tri základné prúdy uplatňovania moderného znalostného manažmentu. Manažment znalostí a kultúra organizácie. Manažment znalostí v malých a stredných podnikoch. Bariéry rozvoja znalostného manažmentu. Inovácie a ich miesto v manažérskej činnosti. | ||
| 610 | 2 | 0 | |a manažment znalostný |
| 610 | 2 | 0 | |a inovácia |
| 610 | 2 | 0 | |a vedomosti |
| 610 | 2 | 0 | |a podnik malý |
| 610 | 2 | 0 | |a podnik stredný |
| 610 | 2 | 0 | |a konkurencieschopnosť |
| 100 | 1 | |a Kašík, Milan | |
| 700 | 1 | |a Petrů, Naděžda | |